000 00452nam a2200181Ia 4500
001 25023
005 20260414151122.0
008 260414t2016||||xx |||||||||||||| ||spa||
041 _aESP
082 _a346.1
_bL64
100 _aLimodio, Gabriel
_eAUT
245 0 _aDerecho y persona humana en el código civil y comercial
_b
260 _c2016
300 _a646 páginas :
_c21 cm.
650 _aDER
654 _aCDE
942 _cLIB
_dJUS
_fJUS
_2ddc
_n
999 _c25023
_d25023